000 00619nam a2200241Ia 4500
003 OSt
005 20220923211842.0
006 a|||||r|||| 00| 0
007 ta
008 220922b |||||||| |||| 00| 0 hin d
024 _a59,752
037 _cTextual
040 _aARTS
_cARTS
_bhin
041 _2hin
_ahin
082 _aQ2:42, 152M1
100 _aदयानन्द
_9156280
245 0 _aसंस्कारविधि
246 _aSanskāravidhi
260 _c1981
300 _a32,271p
_ccm.
942 _hQ2:42, 152M1
_cTEXL
_2CC
999 _c304110
_d304110